00305nam a2200097Ia 4500008004100000100001700041245006400058245003500122260000900157856004100166160531s9999 xx 000 0 und d aGoetschy, A. aEuclidean Random Matrices and Their Applications in Physics cby A. Goetschy, S.E. Skipetrov c2013 uhttp://arxiv.org/pdf/1303.2880v1.pdf